<?xml version="1.0" encoding="UTF-8"?><?xml-stylesheet type="text/xsl" href="static/style.xsl"?><OAI-PMH xmlns="http://www.openarchives.org/OAI/2.0/" xmlns:xsi="http://www.w3.org/2001/XMLSchema-instance" xsi:schemaLocation="http://www.openarchives.org/OAI/2.0/ http://www.openarchives.org/OAI/2.0/OAI-PMH.xsd"><responseDate>2026-05-01T00:23:27Z</responseDate><request verb="GetRecord" identifier="oai:riubu.ubu.es:10259/10266" metadataPrefix="marc">https://riubu.ubu.es/oai/request</request><GetRecord><record><header><identifier>oai:riubu.ubu.es:10259/10266</identifier><datestamp>2025-03-04T07:23:27Z</datestamp><setSpec>com_10259_5827</setSpec><setSpec>com_10259_5086</setSpec><setSpec>com_10259_2604</setSpec><setSpec>col_10259_5828</setSpec></header><metadata><record xmlns="http://www.loc.gov/MARC21/slim" xmlns:doc="http://www.lyncode.com/xoai" xmlns:xsi="http://www.w3.org/2001/XMLSchema-instance" xmlns:dcterms="http://purl.org/dc/terms/" xsi:schemaLocation="http://www.loc.gov/MARC21/slim http://www.loc.gov/standards/marcxml/schema/MARC21slim.xsd">
<leader>00925njm 22002777a 4500</leader>
<datafield tag="042" ind1=" " ind2=" ">
<subfield code="a">dc</subfield>
</datafield>
<datafield tag="720" ind1=" " ind2=" ">
<subfield code="a">Gómez Bastida, Inmaculada</subfield>
<subfield code="e">author</subfield>
</datafield>
<datafield tag="720" ind1=" " ind2=" ">
<subfield code="a">Melero Gil, Beatriz</subfield>
<subfield code="e">author</subfield>
</datafield>
<datafield tag="720" ind1=" " ind2=" ">
<subfield code="a">Jaime Moreno, Isabel</subfield>
<subfield code="e">author</subfield>
</datafield>
<datafield tag="720" ind1=" " ind2=" ">
<subfield code="a">Muñiz Rodríguez, Pilar</subfield>
<subfield code="e">author</subfield>
</datafield>
<datafield tag="260" ind1=" " ind2=" ">
<subfield code="c">2024-07</subfield>
</datafield>
<datafield tag="520" ind1=" " ind2=" ">
<subfield code="a">Chicken breasts and burgers (88% breast and 12% backfat) were evaluated for physicochemical characteristics, thiobarbituric acid reactive substances (TBARS), and antioxidant capacity during storage in vacuum or atmosphere conditions for 18 days at 4 °C using the following two formulations: one without incorporating white pomace seasoning (WPS) and another with 3% WPS. The WPS was obtained from white grape skins, a byproduct resulting from the elaboration of white wine. The addition of the WSP decreased the L* values and increased the a* values, resulting in a significant turning toward brown tones in the chicken products. The addition of 3% of WSP led to higher values of ABTS and FRAP, regardless of the type of packaging. Both types of packaging significantly increased the levels of TBARS, although vacuum packaging proved more effective in protecting against lipid oxidation compared to modified atmosphere package (MAP). Additionally, the WSP improved the oxidative stability regarding the TBARS values. In conclusion, the WSP could be a viable alternative to chemical antioxidants and would lead to healthier and innovative chicken products.</subfield>
</datafield>
<datafield tag="024" ind2=" " ind1="8">
<subfield code="a">http://hdl.handle.net/10259/10266</subfield>
</datafield>
<datafield tag="024" ind2=" " ind1="8">
<subfield code="a">10.3390/app14156421</subfield>
</datafield>
<datafield tag="024" ind2=" " ind1="8">
<subfield code="a">2076-3417</subfield>
</datafield>
<datafield ind1=" " ind2=" " tag="653">
<subfield code="a">Antioxidant capacity</subfield>
</datafield>
<datafield ind1=" " ind2=" " tag="653">
<subfield code="a">Lipid oxidation</subfield>
</datafield>
<datafield ind1=" " ind2=" " tag="653">
<subfield code="a">Meat products</subfield>
</datafield>
<datafield ind1=" " ind2=" " tag="653">
<subfield code="a">Storage stability</subfield>
</datafield>
<datafield ind1=" " ind2=" " tag="653">
<subfield code="a">Winemaking byproducts</subfield>
</datafield>
<datafield tag="245" ind1="0" ind2="0">
<subfield code="a">Effect of White Pomace Seasoning as a Natural Antioxidant for Chicken Products Packaged in Vacuum or Modified Atmosphere Conditions</subfield>
</datafield>
</record></metadata></record></GetRecord></OAI-PMH>